Rejected Daily Trivia #13 - Statistics

General Stats
  • This quiz has been taken 56 times
  • The average score is 6 of 10
Answer Stats
Question Answer % Correct
Who's the "damn fool" that shot Alexander Hamilton? Aaron Burr
81%
Who was the first actor to play James Bond? Sean Connery
70%
What is Han Solo's YT-1300F Light Freighter better known as? The Millennium Falcon
70%
What is the only cardinal direction that doesn't appear in a country name? West
68%
In music, what is an overture? An instrumental introduction to an opera, ballet or film
64%
What language does the word assassin derive from? Arabic
64%
Which of the following is NOT the name of a Pokémon? Abrakadabra
55%
Who released the 2004 hit "Take Me Out"? Franz Ferdinand
53%
Which of these post-apocalyptic franchises is set in Russia? Metro
53%
How many countries have German as an official language? 6
23%
No matching quizzes found
Score Distribution
Percent of People with Each Score
Percentile by Number Answered
Your Score History
You have not taken this quiz